Countries That Drive on the Left - Statistics

General Stats
  • This quiz has been taken 3,209 times
    3,206 since last reset
  • The average score is 35 of 55
Answer Stats
Hint Answer % Correct
53 United Kingdom
98%
2 Australia
93%
33 New Zealand
89%
16 India
87%
18 Ireland
86%
43 South Africa
83%
20 Japan
80%
17 Indonesia
75%
34 Pakistan
75%
25 Malaysia
72%
4 Bangladesh
71%
55 Zimbabwe
71%
21 Kenya
70%
41 Singapore
70%
48 Thailand
70%
13 Fiji
69%
54 Zambia
68%
19 Jamaica
67%
5 Barbados
66%
30 Namibia
66%
3 Bahamas
65%
23 Lesotho
65%
47 Tanzania
65%
1 Antigua and Barbuda
64%
8 Botswana
64%
32 Nepal
64%
39 Samoa
64%
44 Sri Lanka
64%
49 Tonga
64%
51 Tuvalu
63%
31 Nauru
62%
37 Saint Lucia
61%
52 Uganda
61%
7 Bhutan
60%
22 Kiribati
60%
50 Trinidad and Tobago
60%
29 Mozambique
59%
42 Solomon Islands
59%
46 Swaziland
58%
36 Saint Kitts and Nevis
57%
9 Brunei
56%
11 Dominica
56%
14 Grenada
56%
15 Micronesia
55%
26 Maldives
54%
38 Saint Vincent and the Grenadines
54%
40 Seychelles
53%
24 Malawi
52%
35 Papua New Guinea
52%
27 Malta
49%
28 Mauritius
49%
12 East Timor
46%
10 Cyprus
45%
45 Suriname
36%
6 Bermuda
11%
No matching quizzes found
Score Distribution
Percent of People with Each Score
Percentile by Number Answered
Your Score History
You have not taken this quiz since the last reset